[Event "Titled Tuesday intern op 16th May Early"]
[Site "Chess.com INT"]
[Date "2023.05.16"]
[Round "4"]
[White "Sokolovsky, Yahli"]
[Black "Isajevsky, Anton"]
[Result "1-0"]
[WhiteElo "2461"]
[BlackElo "2403"]
[PlyCount "87"]
[EventDate "2023.05.16"]
[EventType "swiss (blitz)"]
[EventRounds "11"]
[EventCountry "USA"]
[SourceTitle "CBM 214 Extra"]
[Source "ChessBase"]
[SourceDate "2023.07.31"]
[SourceVersion "1"]
[SourceVersionDate "2023.07.31"]
[SourceQuality "1"]

1. b3 Nf6 2. Bb2 e6 3. e3 Be7 4. Nf3 0-0 5. d4 d5 6. Bd3 b6 7. Nbd2 Bb7 8. Ne5 c5 9. 0-0 Nbd7 10. f4 Ne4 11. Nxe4 dxe4 12. Bb5 Nxe5 13. dxe5 Qxd1 14. Rfxd1 Rfd8 15. Bc3 Rxd1+ 16. Rxd1 Rd8 17. Rc1 f6 18. Bc4 Bd5 19. exf6 gxf6 20. Be2 Kf7 21. Rd1 Bc6 22. Rxd8 Bxd8 23. Bh5+ Ke7 24. g4 b5 25. Kf2 a5 26. h4 h6 27. Bg6 Bc7 28. g5 hxg5 29. fxg5 fxg5 30. h5 e5 31. h6 Kf6 32. h7 Kg7 33. Kg3 b4 34. Bb2 a4 35. Kg4 axb3 36. axb3 Bd5 37. Kxg5 c4 38. bxc4 Bxc4 39. Bxe4 Bd8+ 40. Kg4 Bf6 41. Kf5 b3 42. cxb3 Bxb3 43. h8Q+ Kxh8 44. Kxf6 1-0

[Event "Titled Tuesday intern op 25th Apr Early"]
[Site "Chess.com INT"]
[Date "2023.04.25"]
[Round "5"]
[White "Aalto, Patrik"]
[Black "Isajevsky, Anton"]
[Result "0-1"]
[WhiteElo "2251"]
[BlackElo "2403"]
[PlyCount "118"]
[EventDate "2023.04.25"]
[EventType "swiss (blitz)"]
[EventRounds "11"]
[EventCountry "USA"]
[SourceTitle "EXT 2024"]
[Source "ChessBase"]
[SourceDate "2023.10.10"]
[SourceVersion "1"]
[SourceVersionDate "2023.10.10"]
[SourceQuality "1"]

1. e4 e6 2. Nf3 d5 3. e5 c5 4. b4 b6 5. a3 Nh6 6. c3 Nf5 7. d4 Be7 8. Bd3 0-0 9. 0-0 Nc6 10. Bb2 f6 11. b5 Na5 12. Re1 Bd7 13. a4 Rc8 14. Nbd2 Kh8 15. exf6 Bxf6 16. Ne5 Be8 17. Ndf3 cxd4 18. cxd4 Nc4 19. Bxc4 dxc4 20. Bc3 Qd5 21. Qe2 Nd6 22. Nd2 Nf5 23. Qg4 Rc7 24. Ne4 Bxe5 25. dxe5 Qd7 26. Rad1 Qf7 27. Bb4 Rg8 28. Nd6 Qg6 29. Qf4 c3 30. Rc1 c2 31. Re2 Bd7 32. Qe4 Nxd6 33. Qxg6 hxg6 34. Bxd6 Rc4 35. Rexc2 Rxa4 36. Rc3 Re8 37. Rc7 Bxb5 38. h3 Kg8 39. Kh2 a6 40. Ra7 Rc4 41. Rxc4 Bxc4 42. Rb7 b5 43. Ra7 Rc8 44. Rxa6 Bd5 45. Ra7 Rc2 46. Kg3 Bc4 47. Ra8+ Kf7 48. Rb8 Rb2 49. Rb7+ Kg8 50. f3 Bd5 51. h4 Bxb7 52. Kf4 Kf7 53. g4 Bd5 54. h5 Rc2 55. h6 Rc4+ 56. Kg5 gxh6+ 57. Kxh6 Rf4 58. g5 Rxf3 59. Kh7 Rh3# 0-1

[Event "Titled Tuesday intern op 08th Nov Early"]
[Site "Chess.com INT"]
[Date "2022.11.08"]
[Round "2"]
[White "Kopacz, Grzegorz"]
[Black "Isajevsky, Anton"]
[Result "0-1"]
[WhiteElo "2083"]
[BlackElo "2403"]
[PlyCount "70"]
[EventDate "2022.11.08"]
[EventType "swiss (blitz)"]
[EventRounds "11"]
[EventCountry "USA"]
[SourceTitle "EXT 2024"]
[Source "ChessBase"]
[SourceDate "2023.10.10"]
[SourceVersion "1"]
[SourceVersionDate "2023.10.10"]
[SourceQuality "1"]

1. c4 c5 2. Nc3 g6 3. g3 Bg7 4. Bg2 Nc6 5. Nf3 d6 6. 0-0 Bd7 7. e3 Qc8 8. h4 Bh3 9. b3 Bxg2 10. Kxg2 Bxc3 11. dxc3 Nf6 12. Qd3 Qf5 13. Qxf5 gxf5 14. Rd1 Ne4 15. Bb2 e6 16. Ng5 Ke7 17. f3 Nf6 18. Kf2 Rhg8 19. Rg1 a5 20. Bc1 a4 21. Bd2 Ra7 22. b4 Ne5 23. bxc5 dxc5 24. Rab1 Nxc4 25. Ke2 Rd8 26. Rgd1 b6 27. e4 Rad7 28. Be1 h6 29. Rxd7+ Rxd7 30. Nh3 fxe4 31. fxe4 Nxe4 32. Nf4 f5 33. h5 e5 34. Ng6+ Kf6 35. Bf2 Rd2+ 0-1

[Event "Titled Tuesday intern op 16th Aug Late"]
[Site "Chess.com INT"]
[Date "2022.08.16"]
[Round "10"]
[White "Al Tarbosh, Ward"]
[Black "Isajevsky, Anton"]
[Result "0-1"]
[WhiteElo "2214"]
[BlackElo "2403"]
[PlyCount "52"]
[EventDate "2022.08.16"]
[EventType "swiss (blitz)"]
[EventRounds "11"]
[EventCountry "USA"]
[SourceTitle "EXT 2023"]
[Source "ChessBase"]
[SourceDate "2022.10.05"]
[SourceVersion "1"]
[SourceVersionDate "2022.10.05"]
[SourceQuality "1"]

1. e4 c5 2. Nf3 d6 3. d4 cxd4 4. Nxd4 Nf6 5. Nc3 a6 6. h3 e5 7. Nde2 h5 8. Bg5 Nbd7 9. Nd5 Be7 10. Nec3 Nxd5 11. Bxe7 Nxe7 12. Qxd6 Qb6 13. Qa3 Qc5 14. Qb3 0-0 15. 0-0-0 Nf6 16. g4 Be6 17. Nd5 Nfxd5 18. exd5 Bxd5 19. Qg3 Bxh1 20. gxh5 Be4 21. c3 Rfd8 22. Rxd8+ Rxd8 23. h6 Nf5 24. Qg5 f6 25. Qg6 Qd5 26. Bc4 Qxc4 0-1

[Event "Titled Tuesday intern op 16th Aug Late"]
[Site "Chess.com INT"]
[Date "2022.08.16"]
[Round "5"]
[White "Boruchovsky, Avital"]
[Black "Isajevsky, Anton"]
[Result "0-1"]
[WhiteElo "2551"]
[BlackElo "2403"]
[PlyCount "58"]
[EventDate "2022.08.16"]
[EventType "swiss (blitz)"]
[EventRounds "11"]
[EventCountry "USA"]
[SourceTitle "EXT 2023"]
[Source "ChessBase"]
[SourceDate "2022.10.05"]
[SourceVersion "1"]
[SourceVersionDate "2022.10.05"]
[SourceQuality "1"]

1. d4 d5 2. c4 e6 3. Nc3 Be7 4. cxd5 exd5 5. Bf4 c6 6. e3 Bd6 7. Bg3 Ne7 8. Bd3 Bf5 9. Nf3 0-0 10. 0-0 Bxg3 11. hxg3 Nd7 12. b4 a6 13. a4 Nb6 14. Ne5 f6 15. Bxf5 Nxf5 16. Nd3 Nc4 17. Nc5 Qe7 18. b5 axb5 19. axb5 Ncxe3 20. fxe3 Qxe3+ 21. Kh2 Qxg3+ 22. Kh1 Qxc3 23. Rc1 Ng3+ 24. Kg1 Qe3+ 25. Rf2 Ra2 26. Rcc2 Rfa8 27. Kh2 Ra1 28. Rf3 Qh6+ 29. Kxg3 Rxd1 0-1

[Event "Titled Tuesday intern op 16th Aug Late"]
[Site "Chess.com INT"]
[Date "2022.08.16"]
[Round "4"]
[White "Isajevsky, Anton"]
[Black "Csonka, Balazs"]
[Result "1-0"]
[WhiteElo "2403"]
[BlackElo "2495"]
[PlyCount "75"]
[EventDate "2022.08.16"]
[EventType "swiss (blitz)"]
[EventRounds "11"]
[EventCountry "USA"]
[SourceTitle "EXT 2023"]
[Source "ChessBase"]
[SourceDate "2022.10.05"]
[SourceVersion "1"]
[SourceVersionDate "2022.10.05"]
[SourceQuality "1"]

1. c4 e6 2. Nf3 d5 3. e3 Nf6 4. Nc3 b6 5. cxd5 exd5 6. d4 Bb7 7. g3 Bd6 8. Bg2 Ba6 9. Ne2 0-0 10. 0-0 Re8 11. Re1 Nc6 12. Nf4 Bxf4 13. exf4 Rxe1+ 14. Qxe1 Qd6 15. Be3 Ne4 16. Ne5 f6 17. Nxc6 Qxc6 18. Rc1 Qd7 19. Qb4 c6 20. f5 Re8 21. Qa4 Bb5 22. Qc2 Rc8 23. a4 Ba6 24. g4 h5 25. h3 hxg4 26. hxg4 Bb7 27. b3 c5 28. dxc5 bxc5 29. Bxe4 dxe4 30. Rd1 Qf7 31. Bxc5 e3 32. fxe3 Qe8 33. b4 Be4 34. Qc4+ Kh7 35. Kf2 Qc6 36. Kg3 Qc7+ 37. Kh3 Rh8 38. Rd2 1-0